|
|
|
|
| LEADER |
01704nam a2200421 a 4500 |
| 001 |
000476606 |
| 003 |
CZ BrMZK |
| 005 |
20071026130122.0 |
| 007 |
ta |
| 008 |
000115s2000 xr e c cze d |
| 015 |
|
|
|a cnb000965920
|
| 020 |
|
|
|a 80-7056-080-0
|
| 040 |
|
|
|a BOA001
|b cze
|
| 043 |
|
|
|a e-xr---
|
| 072 |
|
7 |
|a 72/76
|x Výtvarné umění
|2 Konspekt
|9 21
|
| 080 |
|
|
|a 72/76(437.3)
|2 MRF
|
| 080 |
|
|
|a 7.038.544
|2 MRF
|
| 080 |
|
|
|a 7.036/.038
|2 MRF
|
| 080 |
|
|
|a (437.3)
|2 MRF
|
| 080 |
|
|
|a (083.824)
|2 MRF
|
| 100 |
1 |
|
|a Kratina, Radoslav,
|d 1928-1999
|7 jn20000401471
|4 aut
|
| 245 |
1 |
0 |
|a Radek Kratina :
|b 1928-1999 : Idea con variazioni : [katalog výstavy] : České muzeum výtvarných umění v Praze : 5.dubna-14.května 2000 /
|c [texty: Jan Sekera, Jiří Machalický, Jan Kříž].
|
| 246 |
3 |
3 |
|a Idea con variazioni
|
| 260 |
|
|
|a Praha :
|b České muzeum výtvarných umění,
|c 2000
|
| 300 |
|
|
|a 1 nestr. sv. :
|b il. ;
|c 21 cm
|
| 500 |
|
|
|a Souhrn angl.
|
| 600 |
1 |
7 |
|a Kratina, Radoslav,
|d 1928-1999
|7 jn20000401471
|2 czenas
|
| 650 |
0 |
7 |
|a české výtvarné umění
|7 ph116865
|y 20. stol.
|2 czenas
|
| 650 |
0 |
7 |
|a objekty (umění)
|7 ph123590
|z Česko
|y 20. stol.
|2 czenas
|
| 650 |
0 |
7 |
|a moderní umění
|7 ph115340
|z Česko
|2 czenas
|
| 655 |
|
7 |
|a katalogy výstav
|7 fd132536
|2 czenas
|
| 700 |
1 |
|
|a Sekera, Jan,
|d 1935-2015
|7 jx20041202007
|4 aut
|
| 700 |
1 |
|
|a Kříž, Jan,
|d 1935-
|7 mzk2018986792
|4 aut
|
| 700 |
1 |
|
|a Machalický, Jiří,
|d 1952-
|7 jn20000401689
|4 aut
|
| 710 |
2 |
|
|a České muzeum výtvarných umění (Praha, Česko)
|7 kn20010709225
|
| 910 |
|
|
|a BOA001
|b 2-1072.187
|
| 990 |
|
|
|a BK
|
| 996 |
6 |
|
|b 2610113621
|c 2-1072.187
|l MZK
|r Sklad / do 1 hodiny
|n 11
|p p.v.
|w 000476606
|u 000010
|a 1
|e BOA001
|j MZK50
|s P
|